|
|
|
|
| LEADER |
00000cam a2200000 7i4500 |
| 001 |
0000003245 |
| 005 |
20050325.0 |
| 020 |
0 |
0 |
|a 1564147711
|
| 090 |
0 |
0 |
|a 658.314
|b CHA
|
| 100 |
1 |
0 |
|a Chandler, Steve ,
|d 1944-
|
| 245 |
1 |
0 |
|a 100 ways to motivate others :
|b how great leaders can produce insane results without driving people crazy
|c by Steve Chandler and Scott Richardson.
|
| 260 |
0 |
0 |
|a Franklin Lakes, N.J. :
|b Career Press ,
|c c2005.
|
| 300 |
|
|
|a 224 p. ;
|c 22 cm.
|
| 650 |
0 |
0 |
|a Employee motivation.
|
| 650 |
0 |
0 |
|a Leadership.
|
| 700 |
1 |
1 |
|a Richardson, Scott, ,
|d 1954-
|
| 999 |
|
|
|a 0000006147
|b Monograph
|c Open Shelf
|e Default branch
|